000 00403nam a2200157Ia 4500
008 240729s9999 xx 000 0 und d
022 _a2090-0015
245 0 _aJournal of Transplantation
260 _aUnited Kingdom
260 _bHindawi Limited
650 _a Surgery
650 _aMedicine
856 _uhttps://doaj.org/toc/9a82a912405a476bbb958ca1e581ac03
942 _2ddc
942 _cDOAJEJ
999 _c71509
_d71509
945 _a1
_bMadushi Gamage
_c1
_dMadushi Gamage